00843nam a2200193 a 4500003000200000005001700002008004100019050002900060100002000089245012400109260009200233300004000325504004100365650004400406650005400450650004700504650004900551650004900600020250301110726.0100902s19uu xx 00 eng d aPGS HQ 784.C6b.Y59 2010 aYoo, Young Hun. aSafety consciousness among grade six cell phone users of Southville International School and Colleges /cYoung Hun Yoo. aLas Piñas City, Philippines : bSouthville International School and Colleges,c2010. a21 pages :billustrations ;c28 cm. aIncludes bibliographical references. aCell phonesvHealth aspects—Children. aMobile communicationvSafety measures—Children. aDigital literacy and mobile phone safety.  aRisk perception in childrenvCell phone use. aChildrenvSafety education—Technology use.